| 000 | 02019nam a2200457 c 4500 | ||
|---|---|---|---|
| 999 |
_c152212 _d152212 |
||
| 003 | BLK | ||
| 005 | 20240621143258.0 | ||
| 008 | 180410b bul|||||r ||||||| ||bul|| | ||
| 010 | _aKNG00158658000 | ||
| 040 | _aBLK | ||
| 041 |
_aBUL _cBUL |
||
| 072 | 7 |
_2bullib _aК _xКраезнание |
|
| 080 |
_aКомунистически партии. Вж и 327.323 _b329.15 _x(497.15)БКП(092) _z329.15(497.15)БКП(092) |
||
| 080 |
_aБългарски комунист, революционер и политически деец, един от ръководителите на добруджанското освободително движение _b929 Михайлов, Дочо _z929 Михайлов, Дочо |
||
| 100 | 1 |
_aГенчев, Тодор _eпърви автор _9267582 |
|
| 139 |
_aГенчев, Тодор и др. _bМ 73 |
||
| 245 | 1 | 0 |
_aДочо Михайлов _bБиогр. очерк _cТодор Генчев; съавт. Иван Георгиев. |
| 250 | _a2. прераб. и доп. изд. | ||
| 257 | _aBGR | ||
| 260 |
_bБКП _c1966 _fСофия : Димитър Благоев |
||
| 300 |
_a124 с., 3 л. _bил., 1 л. : факс _c15 см |
||
| 380 | _a3 | ||
| 490 | 1 | _aБиблиотека Революционни борци | |
| 500 | _a1. изд. 1957. - 10 100 тир. | ||
| 600 | 0 |
_aМихайлов, Дочо _d1895-1926 _qДраганов, Дочо Михайлов _9370866 |
|
| 650 | 4 |
_aБКП - дейци _9242529 |
|
| 651 | 4 |
_aБългария _9241624 |
|
| 653 | _aБКП | ||
| 653 | _aкомунисти | ||
| 653 | _aантифашисти | ||
| 659 | _aК | ||
| 700 | 1 |
_aГеоргиев, Иван _eсъавт. _9364373 |
|
| 852 | _aЦб І 8558 | ||
| 852 | _aК 329(092)/М 73 Д | ||
| 856 | 4 | _qpdf | |
| 856 | 4 | _qpdf | |
| 942 |
_cKNG _n0 _s1 |
||
| 944 |
_aCR _c26.03.2014 _lРусанова Ирена _k30542 |
||
| 944 |
_aED _c26.03.2014 _l26.03.2014 - от С1,Р / 26.03.2014 |
||
| 999 | _d152212 | ||